书目信息 |
| 题名: |
奥林匹克射击
|
|
| 作者: | 俞继英 主编 | |
| 分册: | ||
| 出版信息: | 北京 人民体育出版社 2004.10 |
|
| 页数: | 223页 | |
| 开本: | 20cm | |
| 丛书名: | 奥运会项目大全 | |
| 单 册: | ||
| 中图分类: | G871 | |
| 科图分类: | ||
| 主题词: | 射击运动--基本知识 | |
| 电子资源: | ||
| ISBN: | 7-5009-2594-8 | |
| 000 | 00765nam 2200241 450 | |
| 001 | 0138667640 | |
| 005 | 20050520103526.37 | |
| 010 | @a7-5009-2594-8@dCNY14.00 | |
| 100 | @a20050311d2004 km y0chiy0120 ea | |
| 101 | 0 | @achi |
| 102 | @aCN@b110000 | |
| 105 | @aa z 000yy | |
| 200 | 1 | @a奥林匹克射击@Aao lin pi ke she ji@f俞继英主编@Fyu ji ying zhu bian |
| 210 | @a北京@c人民体育出版社@d2004.10 | |
| 215 | @a223页@c图@d20cm | |
| 225 | 2 | @a奥运会项目大全 |
| 330 | @a本书包括射击项目的回顾与展望、技战术与训练、竞赛与成绩三大部分,力求全面地反映该项目在奥运会上的演变和发展。 | |
| 410 | 0 | @12001 @a奥运会项目大全 |
| 606 | 0 | @a射击运动@x基本知识 |
| 690 | @aG871@v4 | |
| 701 | 0 | @a俞继英@Ayu ji ying@4主编 |
| 801 | 0 | @aCN@bQSSK@c20050520 |
| 905 | @dG871@eY794 | |
| 奥林匹克射击/俞继英主编.-北京:人民体育出版社,2004.10 |
| 223页:图;20cm.-(奥运会项目大全) |
| ISBN 7-5009-2594-8:CNY14.00 |
| 本书包括射击项目的回顾与展望、技战术与训练、竞赛与成绩三大部分,力求全面地反映该项目在奥运会上的演变和发展。 |
| ● |
| 相关链接 |
|
|
|
正题名:奥林匹克射击
索取号:G871/Y794
 
预约/预借
| 序号 | 登录号 | 条形码 | 馆藏地/架位号 | 状态 | 备注 |
| 1 | 498062 | 204980627 | 社科库409/409社科库 26排4列4层/ [索取号:G871/Y794] | 在馆 | |
| 2 | 498063 | 204980636 | 社科库409/409社科库 26排4列4层/ [索取号:G871/Y794] | 在馆 | |
| 3 | 498064 | 204980645 | 社科库409/409社科库 26排4列4层/ [索取号:G871/Y794] | 在馆 |